| 000 | 01446nam a2200361 c 4500 | ||
|---|---|---|---|
| 003 | BLK | ||
| 005 | 20180422110818.0 | ||
| 008 | 180409b bul|||||r ||||||| ||bul|| | ||
| 010 | _aKNG00127713000 | ||
| 040 | _aBLK | ||
| 041 |
_aBUL _cBUL |
||
| 080 |
_aИстория на САЩ _b973 _x _z973 |
||
| 100 | 1 |
_aАптекър, Хърбърт _eпърви автор _9317418 |
|
| 700 | 1 |
_aАптекър, Бетина _eпод ред. на _9317419 |
|
| 700 | 1 |
_aПетков, Цветан Георгиев _eпрев. от англ. _9363360 |
|
| 139 |
_aАптекър, Хърбърт _bА 79 |
||
| 245 | 1 | 0 |
_aНеспирната драма _bОчерци по ист. на Съединените щати _cХърбърт Аптекър; под ред. на Бетина Аптекър; прев. от англ. Цветан Георгиев Петков. |
| 257 | _aUSA | ||
| 260 |
_аСофия _bПартиздат _c1981 |
||
| 300 |
_a291 с. _c17 см |
||
| 380 | _a9 | ||
| 490 | 1 | _aИсторическо четиво | |
| 500 | _aОриг. загл. The unfolding drama. - 3 615 тир. | ||
| 650 | 4 |
_aИстория - САЩ _9270358 |
|
| 651 | 4 |
_aСАЩ _9179493 |
|
| 653 | _aистория | ||
| 653 | _aСАЩ | ||
| 852 | _aЦб І 18591 | ||
| 856 | 4 |
_qpdf _u |
|
| 856 | 4 |
_qpdf _u |
|
| 942 |
_cKNG _n0 |
||
| 944 |
_aCR _c18.02.2012 _l18.02.2012 - от С1,Р / 18.02.2012 _kРадостина_Карадакова |
||
| 944 |
_aED _c18.02.2012 _l18.02.2012 - от С1,Р / 18.02.2012 _k |
||
| 999 |
_c122079 _d122079 |
||